Dolphin Quays Developments Ltd v Peter Mills, Robert William Birchall and Barry Gordon Gilbertson (Record no. 78965)

MARC details
000 -LEADER
fixed length control field 01730cab a22002175a 4500
001 - CONTROL NUMBER
control field L138708
008 - FIXED-LENGTH DATA ELEMENTS--GENERAL INFORMATION
fixed length control field 070704e20070517xxk f v 000 0 eng d
035 ## - SYSTEM CONTROL NUMBER
System control number (Sirsi) u138708
041 0# - LANGUAGE CODE
Language code of text/sound track or separate title eng
245 00 - TITLE STATEMENT
Title Dolphin Quays Developments Ltd v Peter Mills, Robert William Birchall and Barry Gordon Gilbertson
Medium [electronic resource]
260 ## - PUBLICATION, DISTRIBUTION, ETC.
Date of publication, distribution, etc. 2007
520 ## - SUMMARY, ETC.
Summary, etc. [2007] EWHC 1180 (Ch), 17 May 2007. Applicant (M) applied for costs against receivers (R) for the failed damages claim brought against M by company (D) to whom R had been appointed receivers. D had claimed damages in respect of the difference between the purchase price that defendant (M) had allegedly agreed to pay for a leasehold flat and the sum obtained by D on its re-sale on the open market. It was held that the purchase of the flat and the part settlement of the debt amounted to one transaction, not two separate and independently enforceable transactions, as the receivers had argued ([2006] EWHC 931 (Ch)). "Held": M's application for costs refused. There were no exceptional features in D's initial claim to warrant a third part costs order and no impropriety or unreasonableness on the part of R. R were simply agents of D and did not benefit from the initial proceedings.
590 ## - LOCAL NOTE (RLIN)
Local note KA
650 24 - SUBJECT ADDED ENTRY--TOPICAL TERM
Topical term or geographic name entry element DOLPHIN QUAYS DEVELOPMENTS LTD V MILLS AND OTHERS
650 24 - SUBJECT ADDED ENTRY--TOPICAL TERM
Topical term or geographic name entry element LAW OF PROPERTY (MISCELLANEOUS PROVISIONS) ACT 1989 S2
650 24 - SUBJECT ADDED ENTRY--TOPICAL TERM
Topical term or geographic name entry element LAW OF PROPERTY ACT 1925 S109(2)
651 #4 - SUBJECT ADDED ENTRY--GEOGRAPHIC NAME
Geographic name England and Wales
Chronological subdivision 1543-
690 ## - LOCAL SUBJECT ADDED ENTRY--TOPICAL TERM (OCLC, RLIN)
Topical term or geographic name as entry element PROPERTY-RESIDENTIAL PROPERTY-RESIDENTIAL LANDLORD AND TENANT-RESIDENTIAL LEASES
856 48 - ELECTRONIC LOCATION AND ACCESS
Uniform Resource Identifier <a href="https://www.bailii.org/ew/cases/EWHC/Ch/2007/1180.html">https://www.bailii.org/ew/cases/EWHC/Ch/2007/1180.html</a>
Public note View the judgment free of charge at www.bailii.org...
942 ## - ADDED ENTRY ELEMENTS (KOHA)
Suppress in OPAC 0
Holdings
Withdrawn status Lost status Source of classification or shelving scheme Damaged status Not for loan Home library Current library Shelving location Date acquired Total Checkouts Full call number Barcode Date last seen Copy number Price effective from Koha item type
    Dewey Decimal Classification     Virtual Virtual Online 04/07/2007   ONLINE PUBLICATION 138708-2001 06/08/2019 1 06/08/2019 Law report